Introducción a la Econometría

保存先:
書誌詳細
主要な著者: Stock, James H (著者), Watson, Mark W (著者)
フォーマット: 図書
言語:スペイン語
出版事項: Madrid, España. Pearson Educación S. A, 2012
版:3a. edición
主題:
オンライン・アクセス:Disponible Online
タグ: タグ追加
タグなし, このレコードへの初めてのタグを付けませんか!

MARC

LEADER 00000cam a2200000 a 4500
001 UCC5649
003 CL-VaPUC
005 20240605111053.0
008 181021e20120000sp |||||||||||||||||spa|d
999 |c 372791  |d 372789 
020 |a 9788483228777 
040 |c Pontificia Universidad Católica de Valparaíso 
082 0 4 |a 330.0151 STO 2012  |2 21 
100 0 |a Stock, James H  |e author  |9 599975 
245 1 0 |a Introducción a la Econometría 
250 |a 3a. edición  
260 |a Madrid, España.  |b Pearson Educación S. A,  |c 2012 
300 |a 561 páginas  
505 |a PARTE I Introducción y repaso CAPÍTULO 1. Cuestiones económicas y datos CAPÍTULO 2. Repaso de probabilidad CAPÍTULO 3. Repaso de estadística PARTE II Los fundamentos del análisis de regresión CAPÍTULO 4. Regresión lineal con regresor único CAPÍTULO 5. Regresión con regresor único: contrastes de hipótesis e intervalos de confianza CAPÍTULO 6. Regresión lineal con varios regresores CAPÍTULO 7. Contrastes de hipótesis e intervalos de confianza en regresión múltiple CAPÍTULO 8. Funciones de regresión no lineales CAPÍTULO 9. Evaluación de estudios basados en regresión múltiple PARTE III Otros temas relacionados con el análisis de regresión CAPÍTULO 10. Regresión con datos de panel CAPÍTULO 11. Regresión con variable dependiente binaria CAPÍTULO 12. Regresión con variables instrumentales CAPÍTULO 13. Experimentos y cuasi experimentos PARTE IV Análisis de regresión con datos de series temporales económicas CAPÍTULO 14. Introducción a la regresión de series temporales y predicción CAPÍTULO 15. Estimación de efectos causales dinámicos CAPÍTULO 16. Otros temas relacionados con la regresión en series temporales PARTE V Teoría econométrica del análisis de regresión CAPÍTULO 17. Teoría de regresión lineal con regresor único CAPÍTULO 18. Teoría de regresión múltiple 
583 |a last modification  |c 20181021 19:29:00  |k Rodrigo Vera 
650 0 |a Econometría   |9 261029 
650 0 |a Análisis de regresión   |9 263763 
650 0 |a Probabilidades   |9 260199 
700 0 |a Watson, Mark W  |e author  |9 599976 
852 |a BIBGIM 
856 |u http://bibliografiadigital.pucv.cl.pucv.idm.oclc.org/index.php/bibliotecapucv/catalog/book/232  |y Disponible Online  
942 |c BK  |2 ddc 
945 |d 20181021 19:29:00  |a dcastane 
952 |0 0  |1 0  |2 ddc  |4 0  |6 330_015100000000000_STO_2012  |7 0  |8 R  |9 143403  |a BIBENE  |b BIBENE  |d 2019-11-07  |e 2  |g 67660.00  |i 5565901  |l 5  |o 330.0151 STO 2012  |p 5565901  |r 2025-04-14  |s 2025-04-14  |v 67660.00  |w 2019-11-07  |y BK_R  |k ICO 
952 |0 0  |1 0  |2 ddc  |4 0  |6 330_015100000000000_STO_2012  |7 0  |8 R  |9 143404  |a BIBENE  |b BIBENE  |d 2019-11-07  |e 2  |g 67660.00  |i 556591K  |l 2  |o 330.0151 STO 2012  |p 556591K  |r 2025-01-15  |s 2024-08-07  |v 67660.00  |w 2019-11-07  |y BK_R  |k ICO 
952 |0 0  |1 0  |2 ddc  |4 0  |6 330_015100000000000_STO_2012  |7 0  |8 R  |9 143405  |a BIBENE  |b BIBENE  |d 2019-11-07  |e 2  |g 67660.00  |i 5565928  |l 4  |o 330.0151 STO 2012  |p 5565928  |r 2025-01-15  |s 2024-04-01  |v 67660.00  |w 2019-11-07  |y BK_R  |k ICO 
952 |0 0  |1 0  |2 ddc  |4 0  |6 330_015100000000000_STO_2012  |7 0  |8 R  |9 143406  |a BIBENE  |b BIBENE  |d 2019-11-07  |e 1  |g 71738.00  |i 5565936  |l 5  |o 330.0151 STO 2012  |p 5565936  |r 2025-03-21  |s 2025-03-21  |v 71738.00  |w 2019-11-07  |y BK_R  |k ICO 
952 |0 0  |1 0  |2 ddc  |3 erb  |4 0  |6 330_015100000000000_STO_2012  |7 0  |8 R  |9 490629  |a BIBENE  |b BIBENE  |i 5508452  |l 4  |o 330.0151 STO 2012  |p 5508452  |r 2025-01-15  |s 2024-08-14  |w 2019-11-24  |y BK_R  |z Catalogado en:20181021  |k ICO 
952 |0 0  |1 0  |2 ddc  |3 erb  |4 0  |6 330_015100000000000_STO_2012  |7 0  |8 R  |9 490630  |a BIBENE  |b BIBENE  |i 5508460  |l 15  |o 330.0151 STO 2012  |p 5508460  |r 2025-01-15  |s 2024-08-21  |w 2019-11-24  |y BK_R  |z Catalogado en:20181021  |k ICO 
952 |0 0  |1 0  |3 erb  |4 0  |6 330_015100000000000_STO_2012  |7 0  |8 R  |9 490631  |a BIBENE  |b BIBENE  |d 2019-07-08  |e 2  |g 81007.00  |i 5555337  |l 3  |o 330.0151 STO 2012  |p 5555337  |r 2025-01-15  |s 2024-08-13  |v 81007.00  |w 2019-11-24  |y BK_R  |z Catalogado en:20190712  |k ICO